000 00618nam a2200241Ia 4500
003 OSt
005 20221007110144.0
006 a|||||r|||| 00| 0
007 ta
008 221006b |||||||| |||| 00| 0 eng d
024 _a20,498
037 _cTextual
040 _aLCO
_cLCO
_beng
041 _2eng
_aeng
082 _aZ1,6, K7
100 _aAnton A.E
_9686922
245 0 _aPrivate International Law
260 _aEdinburgh
_bW. Green & Sons Ltd London
_c1967
300 _a626
650 _aPRIVATE INTERNATIONAL LAW
942 _hZ1,6, K7
_cTEXL
999 _c1190061
_d1190061